000 00358cam a2200157ua 4500
001 7715
008 120813n1997 II |||gr||||Z||||||eng
040 _aMAIN
041 _aEnglish
082 _a515.63 RAI
100 _aRAISINHANIA, M. D.
245 _aVECTOR ANALYSIS
260 _aNEW DELHI
_bS.CHAND & COMPANY
_c1997
300 _a320:
_c22CM.
942 _cBK
999 _c7700
_d7700